00869nam a2200277 i 450000100060000000300090000600500170001500800410003201500170007303500210009004000280011104100080013904600090014708000080015608000090016410000420017324500540021526000560026930000500032538000170037565000260039265500180041865800150043671000420045185600980049310182KOSZ 00520200103135945.0070916s1969 pl a |000 0 pol  aPB 1969/4434 a(OCoLC)802545913 aWA NcWA NdKOSZ 005/EG apol k1969 a514 a(07)1 aRachwał, Tadeuszd(1914-1992)eAutor10aGeometria wykreślna.nT. 2 /cTadeusz Rachwał. aWarszawa :bPaństwowe Wydawnictwo Naukowe,c1969. a240 s. ;c23 cm +eAlbum z rysunkami : 164 s. aKsiążki. 4aGeometria wykreślna 4aPodręczniki aMatematyka2 aPaństwowe Wydawnictwo Naukowe4pbl. uhttp://koha.tu.koszalin.pl/cgi-bin/koha/opac-detail.pl?biblionumber=10182yKatalog online BPK